000 00346cam a22001217a 4500
008 180718b1956 xxu||||| |||| 00| 0 eng d
082 _aA99 Ed28/R259
100 _aRees- Mogg
245 _aSir Anthony Eden
_cby William Rees- Mogg
260 _aLondon
_bSalisbury Square
_c1956
300 _a116p
650 _aEden, Anthony, Earl of Avon, 1897-1977.
999 _c414522
_d414522